000 02723nas a22002657a 4500
003 NALT
005 20250526135930.0
006 a|||p|r|||| 00| 0
007 ta
008 250526b th |||p| |||| 00| 0 tha d
040 _aNALT
041 _atha
245 0 0 _aนิติศาสตร์ มหาวิทยาลัยธรรมศาสตร์ ปีที่ 18 ฉบับที่ 1 (มี.ค. 2531)
260 _aคณะนิติศาสตร์ มหาวิทยาลัยธรรมศาสตร์
310 _aรายสามเดือน
500 _aวารสารเย็บเล่ม
505 2 _aปีที่ 18 ฉบับที่ 1 มี.ค. 2531 -- สิทธิฟ้องร้องของเจ้าหนี้ที่มีต่อผู้เป็นหุ้นส่วนในห้างหุ้นส่วนจำกัด -- แนวความคิดซึ่งให้ผู้แทนต้องรับผิดในหนี้ของบริษัทในกรณีบริษัทล้มละลายตามกฎหมายอังกฤษ -- ความสัมพันะ์ระหว่าง Seaworthiness กับ Due Deligence ในการหลุดพ้นความรับผิดของผู้นส่งทางทะเลระหว่างประเทศ -- กฎหมายป้องกันการจำกัดการแข่งขันทางเศรษฐกิจของประเทศ เยอรมัน -- แง่มุมกฎหมายของข้อพิพาททางพรมแดน : เน้นคดีตัวอย่าง -- กฎหมายระหว่างประเทศแผนกคดีบุคคล -- ในสถานะที่เป็นกฎหมายระหว่างประเทศ -- งบประมารขององค์กรปกครอง ท้องถิ่นในประเทศฝรั่งเศส -- มารดาฆ่าทารก -- ความรับผิดเพื่อผลิตภัณฑ์ : ข้อคิดบางประการในแง่กฎหมายเปรียบเทียบ.
650 4 _aห้างหุ้นส่วนจำกัด
_934075
650 4 _aกฎหมายระหว่างประเทศ
_xคดีบุคคล
_93058
850 _aNALT
866 _aปีที่ 18 ฉบับที่ 1 (มี.ค. 2531)
942 _cBOUND
996 _aaroonthip.c
_bLIBSTF
_c2025-05-26
999 _c106664
_d106664
998 _h179
_j179
_k นางสาวอรุณทิพย์ จันทร์ดิษฐ์